Environmental engineering (Record no. 5357)

000 -LEADER
fixed length control field 00678nam a2200241 4500
001 - CONTROL NUMBER
control field 5357
003 - CONTROL NUMBER IDENTIFIER
control field BD-DhUET
008 - FIXED-LENGTH DATA ELEMENTS--GENERAL INFORMATION
fixed length control field 141126b xxu||||| |||| 00| 0 eng d
020 ## - INTERNATIONAL STANDARD BOOK NUMBER
International Standard Book Number 0071002316
040 ## - CATALOGING SOURCE
Transcribing agency 0
Modifying agency BD-DhUET
082 ## - DEWEY DECIMAL CLASSIFICATION NUMBER
Classification number 628
Item number PEA/1985
100 ## - MAIN ENTRY--PERSONAL NAME
Personal name Peavy, Howard S
245 ## - TITLE STATEMENT
Title Environmental engineering
250 ## - EDITION STATEMENT
Edition statement 1st ed.
260 ## - PUBLICATION, DISTRIBUTION, ETC. (IMPRINT)
Place of publication, distribution, etc. New york
Name of publisher, distributor, etc. McGraw-Hill
Date of publication, distribution, etc. 1985
300 ## - PHYSICAL DESCRIPTION
Extent xiv,699 p.+various paging
Other physical details ill.
490 ## - SERIES STATEMENT
Series statement McGraw-Hill series in water resources and environmental engineering
504 ## - BIBLIOGRAPHY, ETC. NOTE
Bibliography, etc Includes bibliographies
650 #0 - SUBJECT ADDED ENTRY--TOPICAL TERM
Topical term or geographic name as entry element Environmental engineering
700 ## - ADDED ENTRY--PERSONAL NAME
Personal name Rowe, Donald R.
700 ## - ADDED ENTRY--PERSONAL NAME
Personal name Tchobanoglous, George
942 ## - ADDED ENTRY ELEMENTS (KOHA)
Koha item type General Book
Holdings
Koha date last borrowed Date acquired Koha date last seen Koha issues (times borrowed) Shelving location Copy number Piece designation (barcode) Price effective from Koha item type Lost status Sublocation or collection (holding branch) Koha renewals Withdrawn status Damaged status Koha full call number Koha normalized classification for sorting Location (home branch) Source of classification or shelving scheme Not for loan
2023-12-102014-11-262024-09-089Circulation section1818962014-11-26General Book Central Library, BUET   628/PEA/1985628PEA1985Central Library, BUET  
2024-03-162014-11-262024-06-0210Circulation section2818952014-11-26General Book Central Library, BUET   628/PEA/1985628PEA1985Central Library, BUET  
 2015-06-182015-06-18 Reading section3887882015-06-18Reading Item Central Library, BUET   628/PEA/1985628_000000000000000_PEA_1985Central Library, BUET  
 2015-06-182015-06-18 Reading section4875792015-06-18Reading Item Central Library, BUET   628/PEA/1985628_000000000000000_PEA_1985Central Library, BUET  
2020-03-161991-10-282021-11-132Circulation section5818942017-10-31General Book Central Library, BUET   628/PEA/1985628_000000000000000_PEA_1985Central Library, BUET  
 1991-10-282024-12-01 Rental sectionক-৫১818472024-12-01Rental Item Central Library, BUET   628 PEA/1985628_000000000000000_PEA_1985Central Library, BUET  
 1991-10-282024-12-01 Rental sectionক-৭৮818742024-12-01Rental Item Central Library, BUET   628 PEA/1985628_000000000000000_PEA_1985Central Library, BUET  
 1991-10-282024-12-01 Rental sectionক-৭৯818752024-12-01Rental Item Central Library, BUET   628 PEA/1985628_000000000000000_PEA_1985Central Library, BUET  
 1991-10-282024-12-01 Rental sectionক-৮০818762024-12-01Rental Item Central Library, BUET   628 PEA/1985628_000000000000000_PEA_1985Central Library, BUET  
 1991-10-282024-12-01 Rental sectionক-৮১818772024-12-01Rental Item Central Library, BUET   628 PEA/1985628_000000000000000_PEA_1985Central Library, BUET  
 1991-10-282024-12-01 Rental sectionক-৮২818782024-12-01Rental Item Central Library, BUET   628 PEA/1985628_000000000000000_PEA_1985Central Library, BUET  
 1991-10-282024-12-01 Rental sectionক-৮৩818792024-12-01Rental Item Central Library, BUET   628 PEA/1985628_000000000000000_PEA_1985Central Library, BUET  
 1991-10-282024-12-01 Rental sectionক-৮৪818802024-12-01Rental Item Central Library, BUET   628 PEA/1985628_000000000000000_PEA_1985Central Library, BUET  
 1991-10-282024-12-01 Rental sectionক-৮৫818812024-12-01Rental Item Central Library, BUET   628 PEA/1985628_000000000000000_PEA_1985Central Library, BUET  
 1991-10-282024-12-01 Rental sectionক-৮৬818822024-12-01Rental Item Central Library, BUET   628 PEA/1985628_000000000000000_PEA_1985Central Library, BUET  
 1991-10-282024-12-01 Rental sectionক-৮৭818832024-12-01Rental Item Central Library, BUET   628 PEA/1985628_000000000000000_PEA_1985Central Library, BUET  
 1991-10-282024-12-01 Rental sectionক-৮৭818842024-12-01Rental Item Central Library, BUET   628 PEA/1985628_000000000000000_PEA_1985Central Library, BUET